000 00329nam a2200145Ia 4500
003 OSt
008 191201s2013 xx 000 0 und d
082 _a621.43
_bGAI
100 _aGANESAN, V
245 0 _aInternal Combustion Engines
260 _aNew Delhi
_bTMH
_c2013
300 _a730
650 _aB.Tech(ME)
942 _2ddc
_cBK
999 _c6417
_d6417